Innovatívne technológie a trendy vo výrobe stavebných látok = Innovative technologies and trends in the production of building materials

Bibliographic Details
Corporate Author: Cement 2018 Vysoké Tatry, Slovensko (Author)
Format: Conference Proceeding Book
Language:Slovak
Czech
English
PhysicalDescription:317 strán grafy, fotografie, ilustrácie, schémy, tabuľky 30 cm
Published: Trenčín Cemdesign, spol. s r.o. 2018
ISBN:9788097316709
Subjects:

MARC

LEADER 00000cam a2200000 4500
001 vtls011839097
003 SK-MaSNL
005 20260301225412.0
008 210105s2018 xo oda frn 100 0 slo
015 |a SNBA2019/02 
020 |a 9788097316709  |q (brožované) 
035 |a A1C76732-111C-451D-AD45-EDBCA69F35AB 
035 |a urn:nbn:sk:snk-am3icrc 
035 |a urn:nbn:sk:snk-am00e3nm 
040 |a SNK  |b slo  |c SNK  |e rda 
041 0 |a slo  |a cze  |a eng  |b eng 
044 |a xo  |c SK 
072 7 |a 691  |x Stavebné hmoty  |2 konspekt 
080 |a 666.942/948  |2 2011 
080 |a 691.51  |2 2011 
080 |a 001.895  |2 2011 
080 |a 658.5  |2 2011 
080 |a (062.534)  |2 2011 
111 2 |a Cement 2018  |d (2018 :  |c Vysoké Tatry, Slovensko)  |4 aut  |9 618930 
245 0 0 |a Innovatívne technológie a trendy vo výrobe stavebných látok =  |b Innovative technologies and trends in the production of building materials 
246 3 1 |a Innovative technologies and trends in the production of building materials 
246 1 |i Obálkový podnázov:  |a Zborník prednášok z konferencie Cement 2018 
246 1 |i Obálkový podnázov:  |a Cement 2018 Conference Journal 
264 1 |a Trenčín  |b Cemdesign, spol. s r.o.  |c 2018 
300 |a 317 strán  |b grafy, fotografie, ilustrácie, schémy, tabuľky  |c 30 cm 
336 |a text  |b txt  |2 rdacontent 
337 |a bez média  |b n  |2 rdamedia 
338 |a zväzok  |b nc  |2 rdacarrier 
504 |a Obsahuje bibliografiu 
546 |a Súbežný názov v angličtine ; text písaný v slovenčine, češtine a angličtine ; anglické abstrakty 
650 0 7 |a cement  |2 SNKPH  |9 17176 
650 0 7 |a cementové kompozitné materiály  |2 SNKPH  |9 83970 
650 0 7 |a vápno  |2 SNKPH  |9 31491 
650 0 7 |a výrobné procesy  |2 SNKPH  |9 49951 
650 0 7 |a cement  |2 SNKPHeng  |9 17176 
650 0 7 |a Cement composites  |2 SNKPHeng  |9 368046 
650 0 7 |a lime  |2 SNKPHeng  |9 435728 
650 0 7 |a Manufacturing processes  |2 SNKPHeng  |9 302679 
650 0 7 |a inovácie  |2 SNKPH  |9 2291 
650 0 7 |a Innovations  |2 SNKPHeng  |9 74114 
655 7 |a zborníky konferencií  |2 SNKPH  |9 70153 
655 7 |a Proceedings of conferences  |2 SNKPHeng  |9 265791 
919 |a 978-80-973167-0-9 
958 |a NB 
958 |a CZ 
999 |c 950764  |d 952694 
952 |a SNK  |b SNK  |y PREZ  |7 0  |p 17A1354079  |o snkSB 93767  |i snk2019/3317  |8 0  |z Zašpinená publikácia  |0 0  |1 0  |4 0  |d 2019-02-05  |f 1  |l 0  |r 2025-05-15 00:00:00  |w 2026-02-24 
952 |a SNK  |b SNK  |y VYP  |7 0  |p 17A1354080  |o snkSB 93767 D1  |i snk2019/3318  |8 0  |0 0  |1 0  |4 0  |d 2019-02-05  |l 0  |r 2026-02-24 09:47:26  |w 2026-02-24